Initial Findings for Labour Markets in the Czech Republic, Hungary, Poland and Slovakia
Obraz nedostatku pracovných síl v krajinách Vyšehradskej štvorky V4. Prehľad súčasnej situácie v štyroch krajinách (Česká republika, Maďarsko, Poľsko a Slovensko) z hľadiska nedostatku pracovných síl a štruktúry nedostatku pracovných síl v jednotlivých krajinách. Informácie o tom, v ktorých hospodár...
Salvato in:
| Autore principale: | |
|---|---|
| Altri autori: | , , , , , |
| Natura: | Capitolo di libro |
| Lingua: | inglese |
| Soggetti: | |
| Tags: |
Nessun Tag, puoi essere il primo ad aggiungerne!!
|
MARC
| LEADER | 00000naa a2200000 4500 | ||
|---|---|---|---|
| 001 | 0267972 | ||
| 005 | 20240502074215.0 | ||
| 041 | 0 | |a eng | |
| 044 | |a SK | ||
| 245 | 1 | 0 | |a Initial Findings for Labour Markets in the Czech Republic, Hungary, Poland and Slovakia |c József Poór, Allen D. Engle, Ádám Kovács, Anna Albrychiewicz-Slocinska, Vilmante Kumpikaite-Valiuniene, Zsolt Horbulák |
| 520 | |a Obraz nedostatku pracovných síl v krajinách Vyšehradskej štvorky V4. Prehľad súčasnej situácie v štyroch krajinách (Česká republika, Maďarsko, Poľsko a Slovensko) z hľadiska nedostatku pracovných síl a štruktúry nedostatku pracovných síl v jednotlivých krajinách. Informácie o tom, v ktorých hospodárskych odvetviach je najväčší nedostatok pracovných síl. Podrobnosti o modeloch a činnostiach v štyroch krajinách, ktoré opisujú prvky a sily, ktoré vedú k deficitom pracovnej sily v jednotlivých štátoch, a tiež poskytujú informácie o postupoch, ktoré organizácie zavádzajú na zmiernenie tohto stavu. | ||
| 610 | 2 | 0 | |a Vyšehradská štvorka |
| 610 | 2 | 0 | |a sily pracovné |
| 610 | 2 | 0 | |a fluktuácia |
| 610 | 2 | 0 | |a robotizácia |
| 610 | 2 | 0 | |a trh práce |
| 100 | 1 | |a Poór, József | |
| 700 | 1 | |a Engle, Allen D. | |
| 700 | 1 | |a Kovács, Ádám | |
| 700 | 1 | |a Albrychiewicz-Slocinska, Anna | |
| 700 | 1 | |a Kumpikaite-Valiuniene, Vilmante | |
| 700 | 1 | |a Caha, Zdenek | |
| 700 | 1 | |a Horbulák, Zsolt, 1972- | |